The Gods of Mars and The Warlord of Mars (Record no. 1570)

000 -LEADER
fixed length control field 00573nam a22001817a 4500
005 - DATE AND TIME OF LATEST TRANSACTION
control field 20210423062355.0
008 - FIXED-LENGTH DATA ELEMENTS--GENERAL INFORMATION
fixed length control field 210219s1971 ||||| |||| 00| 0 eng d
040 ## - CATALOGING SOURCE
Original cataloging agency eng
Transcribing agency DLC
041 ## - LANGUAGE CODE
Language code of text/sound track or separate title eng
080 ## - UNIVERSAL DECIMAL CLASSIFICATION NUMBER
Universal Decimal Classification number 821.111
Item number B-96
100 ## - MAIN ENTRY--PERSONAL NAME
9 (RLIN) 911
Personal name Burroughs, Rice. Edgar
245 ## - TITLE STATEMENT
Title The Gods of Mars and The Warlord of Mars
Statement of responsibility, etc. / by: Nelson Doubleday Inc
260 ## - PUBLICATION, DISTRIBUTION, ETC.
Place of publication, distribution, etc. Garden City, New York
Name of publisher, distributor, etc. Nelson Doubleday Inc
Date of publication, distribution, etc. 1971
300 ## - PHYSICAL DESCRIPTION
Extent 336 p.
Other physical details ill.
650 #0 - SUBJECT ADDED ENTRY--TOPICAL TERM
9 (RLIN) 247
Topical term or geographic name entry element English literature
653 ## - INDEX TERM--UNCONTROLLED
Uncontrolled term ინგლისური ლიტერატურა
942 ## - ADDED ENTRY ELEMENTS (KOHA)
Source of classification or shelving scheme
Koha item type Books
Holdings
Withdrawn status Lost status Source of classification or shelving scheme Damaged status Not for loan Permanent location Current location Date acquired Inventory number Total Checkouts Full call number Barcode Date last seen Price effective from Koha item type
          Ken Walker International University Ken Walker International University 02/19/2021 1349   821.111 B-96 1349 02/19/2021 02/19/2021 Books

Powered by Koha